| 000 | 00532nam a22002057a 4500 | ||
|---|---|---|---|
| 999 |
_c7471 _d7471 |
||
| 001 | 7471 | ||
| 003 | BD-JhCC | ||
| 005 | 20180210172602.0 | ||
| 008 | 180210s1961 -ukap||| |||| 00| 0 eng d | ||
| 035 | _a(BD-JhCC)7471 | ||
| 040 |
_aBD-JhCC _dBD-JhCC |
||
| 041 | _aeng | ||
| 082 |
_a823.914 _bPRE 1961 |
||
| 100 | _aPressburger, Emeric | ||
| 245 |
_aBehold a Pale Horse / _cEmeric Pressburger |
||
| 260 |
_aGreat Britain : _bCollins, _c1961. |
||
| 300 |
_a192 p.: _bill.; _c18 cm. |
||
| 650 | _aMurder Investigation | ||
| 942 |
_2ddc _cBK |
||